000 00595nam a2200229Ia 4500
003 OSt
005 20220928102117.0
006 a|||||r|||| 00| 0
007 ta
008 220927b |||||||| |||| 00| 0 eng d
024 _a60359
037 _cTextual
040 _aSDCL
_cSDCL
_beng
041 _2eng
_aeng
082 _aP:795, P3
100 _aTiwari Balendu Shekhar
_9392811
245 0 _aAnuwad vigyan.
260 _aNew Delhi
_bPrakashan Sansthan
_c2003
300 _a143p
_ccm.
942 _hP:795, P3
_cTEXL
_2CC
999 _c712408
_d712408